| 000 | 00499nam a2200193 a 4500 | ||
|---|---|---|---|
| 008 | 960412s1985 m yxo r 0 slo c | ||
| 040 |
_aSNK _bslo _cSNK _eAACR2 |
||
| 041 | 1 | _aslo | |
| 044 |
_axo _cSK |
||
| 080 | _a64.01(035) | ||
| 100 | 1 |
_aBřízová, J. _4aut |
|
| 245 | 1 | 0 |
_a1000 rád do domácnosť _cJán Herchl |
| 260 |
_aBratislava _bPríroda _c1985 |
||
| 300 | _a83 s. | ||
| 504 | _aReg. hesiel | ||
| 650 | 0 | 7 |
_adomácnosť _xrady praktické _xpríručky _2SNK |
| 020 | _c14 | ||
| 958 | _aAPP | ||
| 999 |
_c19701 _d19701 |
||